000 00348nam a2200145Ia 4500
100 _aArshinov/V/ Alekseev/G
650 _aMetal cutting
942 _cBK
654 _ametal cutting
245 _aMetal cutting theory and cutting tool design
260 _bMir publishers
_c1970
082 _a671.53/ARS
_bARS
300 _a568
546 _aENGLISH
999 _c27812
_d27812